Movies Quiz

Random Movies or Oscar Quiz

Finish the Oscar Song Title Quiz Stats

Quiz Updated Feb 15, 2012

Challenge
Share
Tweet
Embed
Score 0/24 Timer 05:00
0 Plays Today
Start of title Rest of title % Correct
When You Wish...Upon a Star (1940)
94.5%
Raindrops Keep...Fallin' On My Head (1969)
90.8%
Can You Feel...The Love Tonight (1994)
90.5%
My Heart...Will Go On (1997)
87.7%
A Whole...New World (1992)
87.6%
(I've Had)...The Time of My Life (1987)
83.1%
Colors...Of the Wind (1995)
76.8%
I Just Called...To Say I Love You (1984)
75.3%
You'll Be...In My Heart (1999)
55.7%
Up Where...We Belong (1982)
53.2%
Take My...Breath Away (1986)
50.2%
You Must...Love Me (1996)
44.5%
Start of title Rest of title % Correct
Whatever Will Be, Will Be...(Qué Será, Será) (1956)
41.4%
Flashdance...What a Feeling (1983)
39%
Chim...Chim Cher-ee (1964)
38.2%
It's Hard Out Here...For a Pimp (2005)
37.3%
The Way You...Look Tonight (1936)
37.1%
If I Didn't...Have You (2001)
35.8%
Say You...Say Me (1985)
34.6%
We May Never Love...Like This Again (1974)
15.7%
High Noon (Do Not Forsake Me...Oh My Darlin') (1952)
13.9%
Sooner or Later...(I Always Get My Man) (1990)
4%
I Need to...Wake Up (2006)
3.8%
Al otro lado...del río (2004)
3.3%

You're not logged in!

Compare scores with friends on all Sporcle quizzes.
Sign Up with Email
OR
Log In

You Might Also Like...

Show Comments

Extras

Top Quizzes Today


Score Distribution

Your Account Isn't Verified!

In order to create a playlist on Sporcle, you need to verify the email address you used during registration. Go to your Sporcle Settings to finish the process.